000 00760nam a22002537a 4500
005 20250715153806.0
010 _aENG-101362 ENG-137303 ENG-141282 ENG-146009
020 _a 9789380887081 (set )
_c300.00
020 _c550.00
020 _a9789380887098
_c300.00
020 _a9789380887098
_c600.00
035 _aEN-84895 EN-120835 EN-129541
035 _aEN-124814
037 _bDBAD
082 _aS
100 _aOstrovsky, Nikolai
_983021
245 _aHow the steel was tempered/
_cBy Nikolai Ostrovsky
260 _aNew Delhi
_bJuggernaut Publications
_c2010
270 _aF-3/16, Ansari Road Darya Ganj
_bNew Delhi
_e110002
300 _a198p
_c21cm(Hb)
300 _a228p.
_c21cm(Hb)
490 _vVol 1, Vol 2
942 _2ddc
_cEN
_hS
_mOST
999 _c43000
_d43000